000 00846nam a2200289Ia 4500
001 35627
003 IT-RoPAU
008 130308s9999 xx 000 0 und d
040 _aIT-RoPAU
040 _cIT-RoPAU
041 _aITALIANO
100 _aStefani Gino
100 _gCodice Aut. SPICS: 1035
245 _aCaro Mozart (G.S.)
245 _bSaggi Sul Linguaggio Musicale
250 _a1a ed.
260 _bs.e. (senza Editrice o non identificata)
260 _c1987 [1° Ed.:1987 - Ed.Ling.Originale:]
300 _a"18 p. (prefazione: no ; testo: 18)"
500 _aEsame della riduzione che Waldo De los Rios Ha Fatto dell'Allegretto della sinfonia in Sol minore K.550 di Mozart
650 _aLINGUAGGIO MUSICALE
650 _eCodice materia Spics: 7004
942 _cBK
957 _71
999 _c58376
_d58376
999 _bSI
999 _g1